书目信息 |
| 题名: |
超级说客
|
|
| 作者: | [美国]格里森姆 , 格里森姆 著 | |
| 分册: | ||
| 出版信息: | 南京 译林出版社 1997.06 |
|
| 页数: | 514页 | |
| 开本: | 32开 | |
| 丛书名: | ||
| 单 册: | ||
| 中图分类: | I712.45 | |
| 科图分类: | ||
| 主题词: | 文学 | |
| 电子资源: | ||
| ISBN: | 7-80567-672-0 | |
| 000 | 00546nam0 2200193 45 | |
| 001 | 0009141109 | |
| 005 | 20081030150436.60 | |
| 010 | @a7-80567-672-0@dCNY 19.80 | |
| 100 | @a20000914d1997 km y0chiy0120 ea | |
| 101 | 0 | @achi |
| 200 | 1 | @a超级说客@AChao Ji Shuo Ke@f(美)格里森姆著@F(mei)ge li sen mu zhu |
| 210 | @a南京@c译林出版社@d1997.06 | |
| 215 | @a514页@d32开 | |
| 606 | 0 | @a文学 |
| 690 | @aI712.45@v3 | |
| 701 | 0 | @a[美国]格里森姆@4著 |
| 701 | 0 | @a格里森姆@Age li sen mu@4著 |
| 801 | @aCN@c20081030 | |
| 905 | @dI712.45@eG787/3@b142419-421@f3 | |
| 超级说客/(美)格里森姆著.-南京:译林出版社,1997.06 |
| 514页;32开 |
| ISBN 7-80567-672-0:CNY 19.80 |
| ● |
| 相关链接 |
|
|
|
正题名:超级说客
索取号:I712.45/G787/3
 
预约/预借
| 序号 | 登录号 | 条形码 | 馆藏地/架位号 | 状态 | 备注 |
| 1 | 142419 | 201424191 | 社科二线400B/400B社科库 28排4列2层/ [索取号:I712.45/G787/3] | 在馆 | |
| 2 | 142420 | 201424208 | 社科二线400B/400B社科库 24排2列1层/ [索取号:I712.45/G787/3] | 在馆 | |
| 3 | 142421 | 201424217 | 社科二线400B/400B社科库 28排4列2层/ [索取号:I712.45/G787/3] | 在馆 | |
| 4 | 178000 | 201780000 | 自科二线504/422社科库 24排1列5层/ [索取号:I712.45/G787/3] | 在馆 | |
| 5 | 460692 | 204606925 | 社科二线422/422社科库 32排1列5层/ [索取号:I712.45/G787/3] | 在馆 |